[Event "VIII Iberoamericano Mexico 2022"]
[Site "Mexico City"]
[Date "2022.02.15"]
[Round "4.18"]
[White "Rodriguez Vila, Andres"]
[Black "Gongora Montes, Benjamin"]
[Result "1-0"]
[WhiteElo "2461"]
[BlackElo "2157"]
[Annotator "TA"]
[PlyCount "115"]
[EventDate "2022.02.12"]
[EventType "swiss"]
[EventCountry "MEX"]
[SourceTitle "playchess.com"]
[Source "ChessBase"]
[SourceQuality "1"]

{[%evp 9,115,10,0,4,18,17,50,29,47,40,47,45,27,15,24,34,23,-51,-42,-54,0,0,0,0,78,84,167,161,160,147,185,90,85,53,163,161,192,167,168,159,154,154,161,164,152,141,167,166,216,228,228,221,221,221,261,262,204,224,220,200,215,179,179,143,107,90,120,125,476,457,392,385,359,183,549,505,543,532,671,648,603,605,583,590,534,370,988,965,891,813,639,631,1066,2073,1636,1516,2089,1960,1768,1392,29988,29989,29989,29990,29990,29991,29991,29992]} 1. d4 Nf6 2. Nc3 d5 3. Bf4 Bf5 4. f3 e6 5. g4 Bg6 6. h4 {[%cal Bh2h4,Bh4h5][%mdl 32] D00: 1 d4 d5: Unusual lines.} h6 7. e3 c5 8. Nb5 {Inhibits Bd6. Black must now prevent Nc7+. White is slightly better.} (8. h5 $5 {[%cal Rh5g6]} Bh7 9. Nb5 $14) 8... Na6 {Inhibits Nc7+.} 9. c3 Be7 10. h5 Bh7 {[#]} 11. Nh3 $146 ({Predecessor:} 11. Bd3 Bxd3 12. Qxd3 Nd7 13. Ne2 O-O 14. a4 Bf6 15. Bd6 Re8 16. f4 Nb6 17. g5 hxg5 {1-0 (34) Jobava,B (2713)-Mamedyarov,S (2743) Dubai 2014}) 11... Qb6 12. a4 c4 13. Rg1 ({White should try} 13. Be2 $11) 13... Rc8 $1 $15 14. b3 {[#]} Nb8 (14... Nb4 $1 $15 15. cxb4 a6 16. Nc7+ Rxc7 17. Bxc7 Qxc7) 15. bxc4 $11 dxc4 16. e4 {Prevents Nd5.} a6 (16... Nc6 $1 $11 {remains equal.}) 17. Na3 $16 {White is more active.} Bxe4 18. Nxc4 $18 (18. fxe4 $6 Nxe4 19. Bd2 (19. Nxc4 Bh4+ 20. Bg3 Bxg3+ 21. Rxg3 Rxc4 $15) (19. Bxc4 Qb2 $17) 19... Qb2 $14) 18... Rxc4 19. Bxc4 Qc6 20. fxe4 ({Don't play} 20. Bxb8 Qxc4 21. fxe4 (21. Rc1 Bc6 $11) 21... Qxc3+ 22. Ke2 O-O $16) (20. Be2 $1 $18 {and the rest is easy. aiming for c4.} e5 21. Bxe5 (21. fxe4 Qxc3+ 22. Bd2 Qxh3 $11) 21... Qxc3+ 22. Kf1) 20... Qxc4 $16 21. Rc1 Nxe4 22. Qe2 $1 $18 {Chess con chili.} Qxe2+ 23. Kxe2 Kd7 24. Kd3 Nf6 25. Rb1 Kc8 26. Bxb8 Kxb8 27. Rg2 {Strongly threatening Rgb2.} Rd8 28. Rf1 e5 (28... Rc8 $142 29. Nf2 Nd5) 29. g5 hxg5 30. Nxg5 exd4 31. Nxf7 ({Don't take} 31. cxd4 Bc5) 31... Rd5 32. cxd4 {Threatens to win with h6.} Rxh5 33. Rxg7 {And now Ne5 would win.} Rh3+ 34. Ke2 Nd5 35. Ne5 Re3+ 36. Kf2 {[%cal Og7e7]} Ra3 37. Rb1 Ka7 {[#]} 38. Nd7 $1 Rxa4 $2 {[%mdl 8192] [#] This move loses the game for Black.} (38... Bh4+ $16 {is a better chance.} 39. Kf1 Nc3) 39. Nc5 $1 Ra2+ 40. Kf3 b6 41. Rc1 bxc5 (41... a5 {is more resistant.} 42. Nd7 (42. Ke4 Nf6+ 43. Kd3 Ra3+ 44. Kd2 Nd5 $16) 42... Ka6) 42. Rxc5 Ra3+ 43. Ke4 Nc3+ 44. Ke5 Kb6 45. Rxe7 {[%mdl 4096] Endgame Hoping for Re6+. KRR-KRN} Nb5 46. Re6+ Ka5 47. d5 Kb4 $2 (47... Re3+ 48. Kf4 Rd3) 48. Rc1 Re3+ 49. Kf4 Rd3 50. Ke4 Rd2 51. Rb1+ Ka5 52. Rc6 Re2+ 53. Kd3 Re5 54. d6 {Intending d7 and mate.} Re6 {[#]} 55. d7 $1 {[%mdl 512] White mates.} Rxc6 56. d8=Q+ Ka4 57. Ra1+ Kb4 58. Qa5+ {Weighted Error Value: White=0.16 (very precise) /Black=0.56} 1-0

[Event "VIII Iberoamericano Mexico 2022"]
[Site "Mexico City"]
[Date "2022.02.15"]
[Round "4.21"]
[White "Limon Olmos, Ivan Alonso"]
[Black "Valdes Romero, Leonardo"]
[Result "0-1"]
[WhiteElo "2106"]
[BlackElo "2404"]
[Annotator "TA"]
[PlyCount "129"]
[EventDate "2022.02.12"]
[EventType "swiss"]
[EventCountry "MEX"]
[SourceTitle "playchess.com"]
[Source "ChessBase"]
[SourceQuality "1"]

{[%evp 27,129,-11,0,-11,-4,-16,-14,-16,0,0,0,-9,-6,-83,-5,-4,0,0,-5,-56,8,10,52,45,125,137,131,141,145,137,141,118,158,155,154,151,153,104,103,52,55,58,52,52,38,44,75,58,84,58,58,58,84,58,64,58,124,124,124,64,64,8,8,8,8,8,8,8,116,83,111,8,8,-8,-8,-8,0,0,0,-612,-7,-8,0,0,0,-8,-8,-29980,-29981,-29981,-29982,-29982,-29982,-29983,-29984,-29988,-29989,-29989,-29990,-29990,-29991,-29991,-29992,-29999]} 1. d4 Nf6 2. Nf3 g6 3. c4 Bg7 4. Nc3 O-O 5. e4 d6 6. Be2 e5 7. dxe5 dxe5 8. Qxd8 Rxd8 9. Bg5 Re8 10. Nd5 Nxd5 11. cxd5 c6 12. Bc4 cxd5 13. Bxd5 Nd7 14. Nd2 Nc5 15. O-O {E92: King's Indian: Classical: 6 Be2 e5: 7 dxe5, 7 Be3 and Petrosian System without 7...Nbd7.} Be6 16. Nc4 Bxd5 17. exd5 {The position is equal.} Bf8 18. Rfd1 Rac8 19. Rac1 b6 {[#]} 20. b4 $146 (20. Kf1 $1 $11 {was the only way to keep the balance.}) ({Predecessor:} 20. g3 Rc7 21. Ne3 Rd7 22. Ng4 Bg7 23. d6 f5 24. Ne3 Kf7 25. b4 Ne6 26. Be7 {0-1 (60) Mu,K (2436)-Andersen,M (2598) Boeblingen 2017}) 20... Nd7 (20... Ne4 $17 21. Be3 Bxb4) 21. a3 $11 f5 22. f3 h6 23. Bh4 (23. Bd2 $11) 23... Rc7 (23... e4 $15) 24. Ne3 $1 $36 {[%mdl 2048] White has the initiative.} Rec8 (24... Rxc1 $11 25. Rxc1 g5) 25. Rc6 $1 $14 {Rdc1 is the strong threat.} Rxc6 ({Black should try} 25... Kf7 $14) 26. dxc6 $16 Nb8 27. b5 {Hoping for Rd8.} Nxc6 28. bxc6 Rxc6 29. Rd8 Kf7 {To avoid Be7} 30. Rd7+ Ke6 31. Rxa7 Rc3 32. Nf1 (32. Bf2 $142 $1) 32... Rxa3 33. Rxa3 (33. Rb7 $1 $16) 33... Bxa3 $14 34. Nd2 Bb4 35. Be1 Kd5 36. Kf1 h5 37. Ke2 Bd6 38. h3 b5 39. Kd3 Bb4 40. Bf2 Bd6 41. Nb1 Bc7 (41... e4+ $14 42. fxe4+ fxe4+ 43. Ke2 b4) 42. Nc3+ $16 Kc6 43. g4 (43. Bh4 $16) 43... hxg4 $1 $14 44. fxg4 (44. hxg4 $14 Bd8 45. Kc2) 44... b4 $11 45. Na2 Kb5 46. gxf5 gxf5 47. Be1 b3 (47... e4+ $11 48. Kd4 Bb6+ 49. Kd5 Ba5) 48. Nc3+ $16 Kc6 {[#]} 49. Nd1 (49. Kc4 $1 $16) 49... Kd5 50. Bc3 e4+ 51. Ke2 Bd8 52. Ne3+ Ke6 53. Ng2 $2 {[%mdl 8192] [#]} (53. Nc4 $11) 53... Bg5 $2 (53... Bf6 $1 $19 {[%cal Rf6c3]} 54. Bxf6 (54. Nf4+ $2 Kf7 $19) 54... Kxf6) 54. h4 Bc1 {Threatens to win with ...f4.} 55. Kd1 Bh6 {And now ...f4 would win.} (55... b2 $5 56. Kc2 f4 57. Bxb2 Bxb2 58. Nxf4+ Kf5 $11) 56. Bb2 f4 {Strongly threatening ...f3.} 57. Ke1 $2 {[%mdl 8192]} (57. Bc1 $11) 57... f3 {Black mates.} 58. Kf2 fxg2 59. Kxg2 {KB-KB} Kf5 60. Kg3 Bf4+ 61. Kh3 e3 {[%cal Be4e3,Be3e2][%mdl 32]} 62. Kg2 Ke4 63. h5 e2 64. Kf2 Kd3 65. Ke1 {Black used his chance.  Weighted Error Value: White=0.37/Black=0.29 (precise)} 0-1

[Event "VIII Iberoamericano Mexico 2022"]
[Site "Mexico City"]
[Date "2022.02.15"]
[Round "4.22"]
[White "Fernandez Sanchez, Mario Andres"]
[Black "Diaz Rosas, Julio Cesar"]
[Result "1-0"]
[WhiteElo "2093"]
[BlackElo "2393"]
[Annotator "TA"]
[PlyCount "117"]
[EventDate "2022.02.12"]
[EventType "swiss"]
[EventCountry "MEX"]
[SourceTitle "playchess.com"]
[Source "ChessBase"]
[SourceQuality "1"]

{[%evp 9,117,27,22,25,29,25,48,49,41,0,0,0,35,12,18,23,0,-16,0,-42,-45,-45,-33,-28,-34,-74,-23,-40,-20,-29,0,0,0,0,0,0,0,0,0,0,0,0,0,0,0,0,0,0,0,0,18,20,37,76,49,51,198,201,210,192,187,110,118,105,112,0,194,0,613,14,14,19,962,947,1083,1056,1060,994,848,952,866,827,1549,1638,1265,1122,1481,0,641,643,672,639,666,639,666,641,783,783,1008,861,4897,4405,6813,6170,2878,6023,5591,2478,5710,4336]} 1. d4 Nf6 2. Bf4 g6 3. Nc3 Bg7 4. e4 {[%cal Be2e4,Be4e5][%mdl 32]} d5 5. e5 Ne4 6. Nce2 {A45: Trompowsky Attack.} f6 $1 7. f3 Ng5 8. Bxg5 {White is slightly better.} fxg5 9. Qd2 (9. h4 $14 {is more appropriate.}) 9... c5 $1 $11 10. c3 {[#]} g4 $146 ({Predecessor:} 10... Nc6 11. dxc5 Nxe5 12. Nd4 O-O 13. O-O-O Nf7 14. c6 Qb6 15. cxb7 Bxb7 16. Kb1 e5 {0-1 (39) Chandrajeet,S (1778)-Eshwanth Dev,K (1850) Ahmedabad 2020}) 11. h4 cxd4 12. cxd4 h5 13. Nc3 Bh6 14. Qc2 (14. Bb5+ $11 {should be considered.} Kf7 15. f4) 14... Bf5 $1 $15 15. Bd3 e6 16. Bxf5 gxf5 17. Nb5 Qa5+ ({Better is} 17... Kd7 $17) 18. Qc3 $1 $11 Qxc3+ (18... Qxb5 19. Qc8+ Ke7 20. Qxh8 Bd2+ 21. Kf2 $16) 19. bxc3 Kd7 {Prevents Nc7.} 20. Nd6 b6 21. Nf7 Rh7 22. Nxh6 Rxh6 23. Ne2 Nc6 24. Kd2 Na5 25. Nf4 Rc8 26. Kd3 Rc4 27. a4 Rh8 28. fxg4 hxg4 29. h5 {[%cal Bh4h5,Bh5h6,Bh6h7][%mdl 32]} Nc6 {[%cal Oc6e5]} 30. h6 Nxe5+ 31. Kd2 {And now h7 would win.} Nf7 32. h7 {[%mdl 1024] White has compensation.} Re8 (32... Rhc8 $1 $14) 33. Ng6 $1 $18 Rcc8 34. Rh5 Nh8 35. Ne5+ ({White should play} 35. Nf4 $1 $18) 35... Ke7 $16 36. Rah1 {Hoping for Ke3. White is more active.} Kf6 37. Nd7+ (37. R1h2 $16) 37... Kg6 $2 (37... Ke7 $11 38. Ne5 Rc7) 38. Ne5+ $2 (38. Rh6+ $1 $18 Kf7 39. R1h5 (39. Ne5+ Kg7 $16)) 38... Kg7 $2 {[%mdl 8192]} (38... Kf6 $11) 39. Rg5+ $2 (39. Ke3 $1 $18 Kf6 40. Kf4) 39... Kf6 $11 40. Rhh5 {The board is on fire.} Red8 $2 {[%mdl 8192] [#] Black is on the road to losing.} (40... Rc7 $11) 41. Ke3 $1 $18 Rxc3+ {[#]} 42. Kf4 $1 {Strongly threatening Rg8.} Rcc8 43. Rh6+ Ke7 44. Rg7+ {[%mdl 64] Skewer} Kd6 45. Rxa7 Ra8 46. Rb7 {White threatens Rf6 and mate.} Rab8 47. Rg7 {aiming for Rf6.} Ra8 48. Rb7 (48. Rf6 $142) 48... Rab8 49. Nf7+ {White is clearly winning.} Nxf7 50. Rxf7 {[%mdl 4096] Endgame KRR-KRR} Rh8 51. Kg5 Ra8 52. Rff6 Rae8 53. Kg6 Kc7 54. Kg7 e5 55. dxe5 d4 56. Rc6+ Kb7 57. Rxb6+ Ka7 58. Rbd6 f4 59. Rxd4 {Weighted Error Value: White=0.48/Black=0.38} 1-0

[Event "VIII Iberoamericano Mexico 2022"]
[Site "Mexico City"]
[Date "2022.02.15"]
[Round "4.23"]
[White "Garcia Guerrero, Isaac Antonio"]
[Black "Avila Bautista, Roberto Alejandro"]
[Result "0-1"]
[WhiteElo "2338"]
[BlackElo "2090"]
[Annotator "TA"]
[PlyCount "104"]
[EventDate "2022.02.12"]
[EventType "swiss"]
[EventCountry "MEX"]
[SourceTitle "playchess.com"]
[Source "ChessBase"]
[SourceQuality "1"]

{[%evp 16,104,4,-8,10,0,2,0,16,16,22,5,37,31,54,36,35,0,28,24,42,0,28,41,55,56,60,0,69,72,87,82,95,12,112,49,24,33,29,38,30,32,33,0,0,-19,-20,-26,-16,-8,0,0,0,0,0,0,0,0,0,-57,-57,-84,-84,-142,-109,-93,-100,-162,-151,-239,-245,-536,-384,-391,-381,-368,-315,-12840,-12840,-12841,-12838,-12841,-12838,-12838,-12838,-12843,-12843,-12846,-12846,-12846,-12847]} 1. e4 c5 2. Nf3 g6 3. Nc3 Bg7 4. Bc4 Nc6 5. O-O d6 6. h3 Nf6 7. d4 cxd4 8. Nxd4 O-O 9. Nf3 Nd7 {B70: Sicilian Dragon: 6 g3 and 6 Be2 (without a later Be3).} 10. Bb3 (10. Bg5 {with more complications.} Nc5 11. Re1 Be6 12. Bb3 Rb8 13. Qd2) 10... Nc5 11. Re1 Nxb3 {The position is equal.} 12. axb3 {[#]} a6 $146 ({Predecessor:} 12... f5 13. Ng5 Kh8 14. Qd5 Ne5 15. Ne2 h6 16. Ne6 Bxe6 17. Qxe6 fxe4 18. Nf4 g5 19. Nh5 Qd7 20. Nxg7 Kxg7 21. Qd5 Qf5 22. Rf1 Nf3+ {0-1 (22) Wonnacott,A (1255)-Jordaan,W (1470) IECC email 2003}) 13. Bg5 Rb8 14. Qd2 Re8 15. Rad1 Qa5 16. Ra1 Qd8 17. Nd5 b5 18. b4 (18. Rad1 $14 {feels stronger.}) 18... Bb7 19. c3 $36 {[%mdl 2048] White has some pressure.} Ne5 20. Nxe5 Bxe5 21. h4 (21. Red1 $14) 21... Bh8 ({Better is} 21... h6 $1 $11 22. Bxh6 e6) 22. h5 $14 Ra8 23. Re3 f6 24. hxg6 (24. Bh6 $16) 24... hxg6 {[#]} (24... fxg5 $11 {keeps the balance.} 25. gxh7+ Kf7) 25. Rg3 Bxd5 (25... fxg5 {is a self mate.} 26. Qxg5 Bxd5 27. Qxg6+ Kf8 28. exd5 e6 29. Qg8+ Ke7 30. Qxe6+ Kf8 31. Rg8#) 26. exd5 {[%cal Od2d3] aiming for Qd3!} ({Of course not} 26. Qxd5+ e6 27. Qd3 fxg5 $17) 26... e5 $1 (26... fxg5 {gets mated.} 27. Qxg5 e6 28. Qxg6+ Kf8 29. Qg8+ Ke7 30. Qxe6+ Kf8 31. Rg8#) 27. Be3 {And now Qc2 would win.} Kf7 $1 28. f4 f5 29. Rf1 Bf6 30. Rh3 Rh8 31. Rxh8 $1 Qxh8 32. Rf3 e4 33. Rh3 Qg7 34. Bf2 Rh8 35. Rxh8 Qxh8 36. Qe3 Qh5 37. Qd2 (37. Qa7+ $11 Be7 38. Bd4) 37... g5 $15 38. Be3 {[%cal Rf4g5]} Kg6 39. fxg5 (39. g3 $142) 39... Bxg5 $17 40. b3 Bxe3+ 41. Qxe3 {[%mdl 4096] Endgame KQ-KQ} Qd1+ 42. Kh2 (42. Kf2 $17 {keeps fighting.}) 42... Qxd5 $19 {Strongly threatening ...Qd3.} 43. c4 $2 (43. Qg3+ {was forced.} Kf7 44. Qf4) 43... bxc4 44. bxc4 Qe5+ 45. Kg1 f4 46. Qb6 (46. Qh3) 46... e3 {( -> ...e2). Black is clearly winning.} 47. Kf1 Qa1+ 48. Ke2 Qb2+ 49. Kf3 Qe5 50. Ke2 Qh5+ 51. Kd3 Qd1+ 52. Ke4 e2 {Weighted Error Value: White=0.42/Black=0.13 (very precise)} 0-1

[Event "VIII Iberoamericano Mexico 2022"]
[Site "Mexico City"]
[Date "2022.02.15"]
[Round "4.24"]
[White "Noboa Silva, Kevin"]
[Black "Fernandez Rivero, Karla July"]
[Result "1/2-1/2"]
[WhiteElo "2331"]
[BlackElo "2025"]
[Annotator "TA"]
[PlyCount "97"]
[EventDate "2022.02.12"]
[EventType "swiss"]
[EventCountry "MEX"]
[SourceTitle "playchess.com"]
[Source "ChessBase"]
[SourceQuality "1"]

{[%evp 21,97,18,16,-72,-82,-85,-85,-84,-77,-89,-9,-25,0,-11,-12,-20,-16,-73,-34,-82,-19,-58,-57,-73,0,0,0,-82,-91,-104,114,114,112,94,112,-99,-77,-108,-100,-96,-102,-78,-97,-80,-94,-84,-84,-122,-124,-164,-58,-141,-141,-142,-131,-166,-166,-156,-62,-152,0,-29,-25,-35,-14,-14,-14,-14,-14,-14,0,-14,0,-14,0,-14,-10,-30]} 1. d4 Nf6 2. c4 e6 3. Nc3 Bb4 4. e3 O-O 5. Bd3 d5 6. a3 Bxc3+ 7. bxc3 dxc4 8. Bxc4 c5 {[%cal Bc7c5,Bc5c4][%mdl 32]} 9. Nf3 Nc6 10. O-O Qc7 11. Bb2 e5 12. d5 {E59: Nimzo-Indian: Rubinstein: Main Line: 7...Nc6 8 a3 Bxc3 9 bxc3 dxc4.} (12. h3 $11 {remains equal.}) 12... Na5 $1 $17 13. Be2 c4 $1 14. d6 {Black is better.} Qb6 {[#]} 15. Qc2 $146 ({Predecessor:} 15. Bc1 e4 16. Nd2 Qxd6 17. Nxc4 Nxc4 18. Bxc4 Qc7 19. Be2 Rd8 20. Qc2 Ng4 21. Bxg4 Bxg4 {½-½ (48) Lindholm,P (2133)-Catozzi,M (2205) ICCF email 2010}) 15... Rd8 (15... Qxd6 $17 16. a4 Qc7) 16. Nxe5 $11 Be6 17. Rad1 Rxd6 18. Rd4 {[%cal Re2c4]} Qc5 19. f4 (19. Rxd6 $11 Qxd6 20. Nf3) 19... Rad8 20. Rfd1 (20. Bc1 $15 {should be considered.}) 20... b5 (20... Ne8 $17) 21. a4 Nd5 22. Bc1 Nb3 (22... f6 $17 23. Nf3 Nc6) 23. axb5 Nxd4 24. cxd4 (24. exd4 $11 {keeps the balance.} Qxb5 25. f5) 24... Qxb5 $17 25. f5 {[#]} Bc8 (25... Nb4 $1 $17 26. Qd2 (26. Qc3 Bxf5) 26... Bd5) 26. Bxc4 $16 Qb6 27. Bd2 $1 {aiming for Rb1. This bishop pair is nice.} ({And not} 27. e4 Nb4 28. Qc3 (28. Bxf7+ Kf8 $17) 28... Rxd4 29. Rxd4 (29. Bxf7+ Kf8 $17) 29... Qxd4+ 30. Qxd4 Rxd4 31. Bxf7+ Kf8 $17) 27... Ba6 28. Qa2 $2 ({Much worse is} 28. Rb1 $6 Qc7 $11) (28. Bb3 $16 {stays on course.}) 28... Bxc4 $17 29. Nxc4 Qa6 30. Ra1 Qxa2 31. Rxa2 Rc6 32. Ne5 Rc7 33. Kf2 Rdc8 34. Ke2 {[#]} f6 $1 35. Nd3 {[%cal Be5d3,Bd3f4,Bf4d5][%mdl 32]} Re8 (35... Rc2 $19 36. Rxc2 Rxc2) 36. Ra5 {[#]} (36. Ra3 $15) 36... Nxe3 $1 {[%mdl 512]} 37. Bxe3 {Nc5 is the strong threat.} Rce7 38. Nf4 {And now Ne6 would win.} Rxe3+ $19 {[%mdl 4096] Endgame KRR-KRN} 39. Kf2 R8e4 ({Black should play} 39... R3e7 $17 {Strongly threatening ...Rb8.} 40. Kf3 Rb8) 40. g3 (40. Rxa7 $15 Re7 41. Ra2) 40... g5 $2 ({Black should try} 40... Rb3 $17 41. Ne6 g6 42. Rxa7 gxf5) 41. fxg6 (41. Nd5 $5 {[%cal Rd5e3]} Re2+ 42. Kf1 $11) 41... hxg6 {Hoping for ...g5.} 42. Rxa7 g5 43. Nd5 {[%csl LRe3,LRf6] The position is equal.} Re2+ 44. Kf1 Re1+ 45. Kf2 R1e2+ 46. Kf1 Re1+ 47. Kf2 R4e2+ 48. Kf3 f5 49. h3 {Weighted Error Value: White=0.34/Black=0.30} 1/2-1/2

[Event "VIII Iberoamericano Mexico 2022"]
[Site "Mexico City"]
[Date "2022.02.15"]
[Round "4.25"]
[White "Ortiz Verdezoto, Anahi"]
[Black "Perez Rodriguez, Luis Manuel"]
[Result "0-1"]
[WhiteElo "2047"]
[BlackElo "2324"]
[Annotator "RC"]
[PlyCount "73"]
[EventDate "2022.02.12"]
[EventType "swiss"]
[EventCountry "MEX"]
[SourceTitle "playchess.com"]
[Source "ChessBase"]
[SourceQuality "1"]
[TimeControl "5400+30"]

1. d4 {[%emt 0:00:06]} d5 {[%emt 0:00:14]} 2. c4 {[%emt 0:00:15]} c6 {[%emt 0:00:07]} 3. cxd5 {[%emt 0:00:11]} cxd5 {[%emt 0:00:08]} 4. Bf4 {[%emt 0:00:10]} Nf6 {[%emt 0:00:23]} 5. e3 {[%emt 0:00:28]} Nc6 {[%emt 0:00:09]} 6. Nc3 {[%emt 0:00:30]} a6 {[%emt 0:00:35]} 7. Bd3 {[%emt 0:00:08]} Bg4 {[%emt 0:01:30]} 8. Nge2 {[%emt 0:00:29]} e6 {[%emt 0:00:46]} 9. O-O {[%emt 0:02:19]} Bd6 {[%emt 0:02:34]} 10. Bxd6 {[%emt 0:02:01]} Qxd6 {[%emt 0:04:32]} 11. Rc1 {[%emt 0:03:16]} O-O {[%emt 0:04:15]} 12. Qd2 {[%emt 0:03:18]} Bxe2 {[%emt 0:00:46]} 13. Bxe2 {[%emt 0:06:01]} Rac8 {[%emt 0:06:46]} 14. Rfd1 {[%emt 0:06:01]} Rc7 {[%emt 0:05:41]} 15. Na4 {[%emt 0:05:52]} Ne4 {[%emt 0:04:09]} 16. Qe1 {[%emt 0:00:51]} Rfc8 {[%emt 0:07:03]} 17. f3 {[%emt 0:13:30]} Nf6 {[%emt 0:00:44]} 18. a3 {[%emt 0:00:43]} e5 {[%emt 0:07:48]} 19. dxe5 {[%emt 0:12:54]} Qxe5 {[%emt 0:05:06]} 20. Rd3 {[%emt 0:06:11]} Re8 {[%emt 0:04:51]} 21. b4 {[%emt 0:12:22]} Rce7 {[%emt 0:05:40]} 22. Qd2 {[%emt 0:06:27]} Qf5 {[%emt 0:08:44]} 23. Nc5 {[%emt 0:01:24]} Ne5 {[%emt 0:01:49]} 24. Rd4 {[%emt 0:00:14]} h5 {[%emt 0:04:32]} 25. e4 {[%emt 0:05:41]} dxe4 {[%emt 0:02:35]} 26. Nxe4 {[%emt 0:01:14]} Nc6 {[%emt 0:03:41]} 27. Ng3 {[%emt 0:06:10]} Qe5 {[%emt 0:02:08]} 28. Rdc4 {[%emt 0:00:17]} Rd7 {[%emt 0:05:21]} 29. Qc3 {[%emt 0:00:50]} Nd4 {[%emt 0:02:05]} 30. Bf1 {[%emt 0:02:42]} h4 {[%emt 0:00:44]} 31. Nh1 {[%emt 0:00:54]} h3 {[%emt 0:00:56]} 32. Ng3 {[%emt 0:01:04]} hxg2 {[%emt 0:05:07]} 33. Kxg2 {[%emt 0:00:09]} Nd5 {[%emt 0:00:22]} 34. Rxd4 {[%emt 0:02:04]} Nxc3 {[%emt 0:01:16]} 35. Rxd7 {[%emt 0:00:02]} Nd5 {[%emt 0:00:54]} 36. Ne4 {[%emt 0:01:06]} Qb2+ {[%emt 0:00:21]} 37. Kg1 {[%emt 0:01:06]} 0-1

[Event "VIII Iberoamericano Mexico 2022"]
[Site "Mexico City"]
[Date "2022.02.15"]
[Round "4.26"]
[White "Zarate Manjarrez, Alfredo"]
[Black "Capo Vidal, Uriel"]
[Result "0-1"]
[WhiteElo "2026"]
[BlackElo "2306"]
[Annotator "TA"]
[PlyCount "62"]
[EventDate "2022.02.12"]
[EventType "swiss"]
[EventCountry "MEX"]
[SourceTitle "playchess.com"]
[Source "ChessBase"]
[SourceQuality "1"]

{[%evp 12,62,12,4,25,17,16,15,71,-21,-13,-22,-16,-29,0,-165,-166,-162,-159,-160,-148,-145,-161,-163,-143,-161,-163,-186,-162,-218,-206,-187,-197,-394,-398,-406,-399,-386,-381,-392,-380,-310,-214,-269,-277,-243,-233,-1347,-1248,-1920,-1787,-1389,-1125]} 1. e4 c5 2. Nc3 Nc6 3. g3 g6 4. Bg2 Bg7 5. d3 d6 6. Nge2 Nf6 7. h3 e5 {B25: Closed Sicilian: 3 g3, lines without early Be3.} 8. O-O Be6 9. f4 {[#]} Nd4 $146 {Prevents f5.} (9... Qd7 $11 {keeps the balance.}) ({Predecessor:} 9... O-O 10. Be3 exf4 11. Nxf4 Nd7 12. Qd2 Rb8 13. Kh2 b5 14. Nxe6 fxe6 15. Bh6 b4 16. Bxg7 Kxg7 {0-1 (62) Shvedova,A (1994)-Buksa,N (2419) Chess.com INT 2021}) 10. fxe5 (10. f5 $16 Bd7 11. Bg5) 10... dxe5 $11 11. Kh2 Qd7 12. Be3 h5 {And now ...h4 would win.} 13. Rxf6 $2 {Black continues to play with concentration.} Bxf6 $19 14. Nd5 Bxd5 15. exd5 O-O 16. c3 Nxe2 17. Qxe2 b6 18. c4 Bg7 19. Rb1 Rae8 20. b4 (20. a3 $142) 20... cxb4 21. Rxb4 h4 22. c5 $2 (22. Qg4 Qd6 23. Rb3) 22... hxg3+ 23. Kxg3 f5 24. Kh2 e4 25. dxe4 bxc5 26. Rc4 Rc8 {aiming for ...Be5+.} 27. exf5 ({Not} 27. Bxc5 $2 Rxc5 $1 {[%mdl 512]} 28. Rxc5 Qd6+ 29. e5 Qxc5 $19) 27... Qxf5 28. Qg4 Qe5+ 29. Bf4 $2 {[#]} (29. Qg3) 29... Rxf4 $1 {[%mdl 512] Black is clearly winning.} 30. Rxf4 (30. Qxf4 Qxf4+) 30... Rf8 31. Kg3 g5 {Weighted Error Value: White=0.89/Black=0.14 (very precise)} 0-1